Generovanie databázových definícií SCADA systému pre slovenské diaľničné tunely

Saved in:
Bibliographic Details
Main Author: Sallay, Bálint (Author)
Other Authors: Babinec, Andrej (Thesis advisor)
Format: Manuscript Book
Language:Slovak
Published: Bratislava : STU v Bratislave FEI, 2021
Subjects:
Online Access:https://opac.crzp.sk/?fn=detailBiblioForm&sid=7E417B54B864B7C45E2AF84635AB&seo=CRZP-detail-kniha
Tags: Add Tag
No Tags, Be the first to tag this record!

MARC

LEADER 00000ntm a22000003a 4500
001 stuzp82431
003 SK-STU
005 20211202124416.4
007 ta
008 150427s2015----xo-----f-mn---000-0-slo-d
040 |a STU  |b slo 
041 0 |a slo 
044 |a xo 
100 1 |a Sallay, Bálint  |u 031000  |4 aut  |U FEI Fakulta elektrotechniky a informatiky  |T FEI Ústav robotiky a kybernetiky  |X 86450  |U E011  |Y 356  |7 86450 
242 0 1 |a Generating Database Definitions of SCADA System for Slovak Highway Tunnels  |y eng 
245 1 0 |a Generovanie databázových definícií SCADA systému pre slovenské diaľničné tunely 
260 |a Bratislava :  |b STU v Bratislave FEI,  |c 2021 
300 |a 72 s., príl. 
650 4 |a automatizácia  |2 slo 
650 4 |a WinCC OA  |2 slo 
650 4 |a SCADA  |2 slo 
650 4 |a data point  |2 slo 
650 4 |a generovaná databáza  |2 slo 
650 4 |a generátor na báze šablón  |2 slo 
650 4 |a data point  |2 eng 
650 4 |a generated database  |2 eng 
650 4 |a automation  |2 eng 
650 4 |a WinCC OA  |2 eng 
650 4 |a SCADA  |2 eng 
650 4 |a template based generator  |2 eng 
700 1 |a Babinec, Andrej  |u 031000  |k Z1  |4 ths  |U FEI Fakulta elektrotechniky a informatiky  |T FEI Ústav robotiky a kybernetiky  |X 11598  |U E011  |Y 356  |7 A000011598 
856 4 |u https://opac.crzp.sk/?fn=detailBiblioForm&sid=7E417B54B864B7C45E2AF84635AB&seo=CRZP-detail-kniha